| 000 | 00915cam a22001934a 4500 | ||
|---|---|---|---|
| 005 | 20250605163952.0 | ||
| 008 | 250528s ||||||||||||||||||||||||d | ||
| 035 | _a15416 | ||
| 020 | _a135516560 | ||
| 040 |
_aGR-AtMCL _bgre _dGR-AtMCL _eAACR2 |
||
| 245 | 1 | _aManagement Strategies for Information Technology | |
| 260 |
_bPrentice Hall, _c1989 |
||
| 300 | _a222 | ||
| 520 | _aThis book examines how information technology has become a strategic issue for many organizations and shows how IT can be exploited for strategic advantage. Preface, The IT Era, Information Management, Information Technology and Strategic Advantage, Formulating Information Systems Strategy, Formulating IT Strategy, Formulating IM Strategy, Organizing IT Activities, Controlling IT Activities, Change Strategies for Strategic Change, Index. | ||
| 700 | 1 |
_aEarl Michael J _91053 |
|
| 942 | _cBK | ||
| 999 |
_c998 _d998 |
||